|
|
|
|
| LEADER |
00000naa2a2200000 4500 |
| 001 |
635562 |
| 005 |
20231225163319.0 |
| 035 |
|
|
|a (RuTPU)RU\TPU\conf\37416
|
| 035 |
|
|
|a RU\TPU\conf\37415
|
| 090 |
|
|
|a 635562
|
| 100 |
|
|
|a 20230222d2022 k y0rusy50 ca
|
| 101 |
0 |
|
|a rus
|
| 102 |
|
|
|a RU
|
| 105 |
|
|
|a y z 101zy
|
| 135 |
|
|
|a drgn ---uucaa
|
| 181 |
|
0 |
|a i
|
| 182 |
|
0 |
|a b
|
| 200 |
1 |
|
|a Исследование параметров вибрации при диагностике подшипников качения
|f А. С. Марьина
|g науч. рук. А. Н. Калиниченко
|
| 203 |
|
|
|a Текст
|c электронный
|
| 300 |
|
|
|a Заглавие с экрана
|
| 320 |
|
|
|a [Библиогр.: с. 57 (3 назв.)]
|
| 463 |
|
0 |
|0 (RuTPU)RU\TPU\conf\37331
|t Ресурсоэффективные системы в управлении и контроле: взгляд в будущее
|o сборник научных трудов XI Международной конференции школьников, студентов, аспирантов, молодых ученых, 8-10 ноября 2022 г., г. Томск
|f Национальный исследовательский Томский политехнический университет (ТПУ)
|v [С. 57]
|d 2022
|
| 610 |
1 |
|
|a электронный ресурс
|
| 610 |
1 |
|
|a труды учёных ТПУ
|
| 610 |
1 |
|
|a вибрация
|
| 610 |
1 |
|
|a диагностика
|
| 610 |
1 |
|
|a подшипники качения
|
| 610 |
1 |
|
|a дефекты
|
| 610 |
1 |
|
|a техническое состояние
|
| 610 |
1 |
|
|a долговечность
|
| 700 |
|
1 |
|a Марьина
|b А. С.
|
| 702 |
|
1 |
|a Калиниченко
|b А. Н.
|c специалист в области неразрушающего контроля
|c доцент Томского политехнического университета, кандидат технических наук
|f 1981-
|g Алексей Николаевич
|4 727
|9 12627
|
| 712 |
0 |
2 |
|a Национальный исследовательский Томский политехнический университет
|b Инженерная школа неразрушающего контроля и безопасности
|b Отделение контроля и диагностики
|3 (RuTPU)RU\TPU\col\23584
|
| 801 |
|
2 |
|a RU
|b 63413507
|c 20230306
|g RCR
|
| 856 |
4 |
|
|u http://earchive.tpu.ru/handle/11683/74736
|
| 942 |
|
|
|c BK
|